000 00661nam a2200241 i 4500
003 DO-SdBNP
005 20260209093349.0
007 ta
008 260209b200? dr ||||| |||| 00| 0 spa d
040 _aDO-SdBNP
_bspa
_cBNPHU
_erda
041 _aspa
082 4 _axxx
_bC357
_222
100 _988971
245 1 _aCatalogo año 2000
264 1 _aSanto Domingo :
_bLibreria y Papeleria La Filantropica,
_c[fecha no determinada]
300 _a27 páginas ;
_c22 cm.
336 _atexto
_btxt
_2rdacontent
337 _asin mediación
_bn
_2rdamedia
338 _avolumen
_bnc
_2rdacarrier
590 _aInventariado, 2026/DG
910 _aDG
942 _2ddc
_cLF2
999 _c60259
_d60259